قومی محازآزادی اور يوپی کے مسلما ن صحا فی (Record no. 1563)

MARC details
000 -LEADER
fixed length control field 01125 a2200241 4500
005 - DATE AND TIME OF LATEST TRANSACTION
control field 20081010113718.0
008 - FIXED-LENGTH DATA ELEMENTS--GENERAL INFORMATION
fixed length control field 081010t xxu||||| |||| 00| 0 ur d
010 ## - LCCN (DPL NO)
LC control number UR-7267
020 ## - INTERNATIONAL STANDARD BOOK NUMBER
International Standard Book Number 978-8185362-99-1
Terms of availability 250.00 (app)
035 ## - SYSTEM CONTROL NUMBER
System control number U-5824
037 ## - SOURCE OF ACQUISITION
Source of stock number/acquisition D.B.Act/pub
082 ## - DEWEY DECIMAL CLASSIFICATION NUMBER
Classification number 954.084
100 ## - MAIN ENTRY--PERSONAL NAME
Personal name عا بدہ سميع الد ين
245 ## - TITLE STATEMENT
Title قومی محازآزادی اور يوپی کے مسلما ن صحا فی
Statement of responsibility, etc عا بدہ سميع الدين
246 ## - VARYING FORM OF TITLE
Title proper/short title Qaumi mahaz azadi aour U.P. ke musalman sahafi
Remainder of title by Abida Samiuddin
260 ## - PUBLICATION, DISTRIBUTION, ETC. (IMPRINT)
Place of publication, distribution, etc نئ دھلی
Name of publisher, distributor, etc انسٹی ٹيوٹ آف آبجيکٹيو اسٹڈ يز
Date of publication, distribution, etc 2007
270 ## - ADDRESS
Address 162،جوگا با ئ مين روڈ ،جا معہ نگر
City نئ دھلی
Postal code 110025
300 ## - PHYSICAL DESCRIPTION
Extent 294 ص
Dimensions 22سينٹی ميٹر
650 ## - SUBJECT ADDED ENTRY--TOPICAL TERM
Topical term or geographic name as entry element تا ر يخ
700 ## - ADDED ENTRY--PERSONAL NAME
Personal name محمد محبوب خان افسر عثمانی
942 ## - ADDED ENTRY ELEMENTS (KOHA)
Institution code [OBSOLETE] dpl
Item type Urdu Bks
Call number prefix
Source of classification or shelving scheme Dewey Decimal Classification
Classification part 954. 0841
Call number suffix ع ا ب
Holdings
Withdrawn status Lost status Source of classification or shelving scheme Damaged status Not for loan Collection code Home library Current library Date acquired Cost, normal purchase price Total Checkouts Full call number Barcode Date last seen Copy number Cost, replacement price Koha item type
    Dewey Decimal Classification   Not For Loan Non-fiction D.B.Act.Division D.B.Act.Division 10/10/2008 250.00   954. 0841 ع ا ب U-5824 15/09/2008 1 250.00 Urdu Bks

© Delhi Public Library
Hit Counter
free hit counter